Uht treatment of liquid egg yolk

Egg and its product are easily perishable items because of their high moisture content, although they have a very high amount of nutrients, especially protein. Many efforts have been channelled to increase the shelf-life of these products but heat treatment according to literature is the most promis...

Teljes leírás

Elmentve itt :
Bibliográfiai részletek
Szerzők: Ayari Emna
Németh Csaba
Tóth Adrienn
Khabat Noori
Pintér Richárd
Friedrich László
Dokumentumtípus: Cikk
Megjelent: University of Szeged, Faculty of Agriculture Szeged 2018
Sorozat:Review on agriculture and rural development 7 No. 1-2
Kulcsszavak:Élelmiszeripari technológia
Tárgyszavak:
Online Access:http://acta.bibl.u-szeged.hu/68090
LEADER 02512nab a2200277 i 4500
001 acta68090
005 20240410120740.0
008 200508s2018 hu o 0|| eng d
022 |a 2677-0792 
040 |a SZTE Egyetemi Kiadványok Repozitórium  |b hun 
041 |a eng 
100 1 |a Ayari Emna 
245 1 0 |a Uht treatment of liquid egg yolk  |h [elektronikus dokumentum] /  |c  Ayari Emna 
260 |a University of Szeged, Faculty of Agriculture  |b Szeged  |c 2018 
300 |a 103-107 
490 0 |a Review on agriculture and rural development  |v 7 No. 1-2 
520 3 |a Egg and its product are easily perishable items because of their high moisture content, although they have a very high amount of nutrients, especially protein. Many efforts have been channelled to increase the shelf-life of these products but heat treatment according to literature is the most promising although egg and its products are heat-sensitive. Thus, a very low temperature is needed or a high temperature for a very short time. Ultra-Heat Treatment (UHT) is one of the known technologies that we used for heat-sensitive products. The aim of the study was to investigate the effect of UHT treatment (approximately 67 °C for 190 seconds) on Liquid Egg Yolk (LEY) and Liquid Egg Yolk with additive (LEYA). During twenty-one days, the pH and colour were measured every seven days for all the samples. Emulsion stability was also studied by the methods of heat stability for mayonnaise. pH and colour measurements were used assess the quality of liquid egg yolks after 21 days of storage. From the results, raw LEY had the shortest shelf life and gave off a foul smell after 14 days of storage with significant colour changes. Addition of citric acid as an additive however improved the shelf life of the LEY with a relatively low pH. UHT treated LEY also showed improved shelf life of the LEY with a relatively constant pH from day 14 until the end of the experiment (day 21). UHT treatment of LEY with addition of addition of citric acid as an additive may help optimise the shelf life of the product. 
650 4 |a Műszaki és technológiai tudományok 
650 4 |a Egyéb műszaki tudományok és technológiák 
695 |a Élelmiszeripari technológia 
700 0 1 |a Németh Csaba  |e aut 
700 0 1 |a Tóth Adrienn  |e aut 
700 0 1 |a Khabat Noori  |e aut 
700 0 1 |a Pintér Richárd  |e aut 
700 0 1 |a Friedrich László  |e aut 
856 4 0 |u http://acta.bibl.u-szeged.hu/68090/1/agricul_review_2018_001_002_103-107.pdf  |z Dokumentum-elérés